00791nam a22002057a 4500003000500000005001700005008004100022010000900063011000900072035000900081040000900090100002900099245018200128260004000310300001000350502008100360650004700441650005700488710004000545CHAP20220329133547.0971013s1993 mx r 00010 spa d a7891 a8863 a8095 cCHAP00aSánchez Vera, Enrique.10aActualización del padrón de usuarios en el Distrito de Riego No.025 Bajo Rio Bravo, Tamps., mediante un programa para microcomputadora (1990-92)c/por Enrique Sánchez Vera aChapingo, Méx. :bEl autor,c1993 a60 h. aTesis (Ing. Agr. Esp. en Irrigación) -- UACH. Departamento de Irrigación14aDistrito de Riego Bajo Río Bravo, Tamps.14aProcesamiento automático de datos en irrigación.0 aUACH. Departamento de Irrigación.